Novels by Title Character Quiz Stats

 Plays Quiz Updated Feb 20, 2019

Support Sporcle.
Go Orange.
Score 0/25 Timer 10:00
9 Plays Today
% Correct
The Hunchback of Notre Dame
94.1%
Little Women
89.4%
The Three Musketeers
88%
The Godfather
86.9%
The Hobbit
84.3%
The Catcher in the Rye
81.9%
The Brothers Karamazov
80.1%
The Lord of the Rings
78.6%
The Girl with the Dragon Tattoo
72.8%
Three Men in a Boat
67.2%
It
65.6%
The Count of Monte Cristo
62.9%
Don Quixote
61.2%
% Correct
Master and Commander
53.6%
The Horse and His Boy
44.5%
The Woman in White
35.7%
The Man with the Golden Gun
34.1%
The French Lieutenant's Woman
31.8%
Lady Chatterley's Lover
24.7%
The Secret Agent
17.6%
Stranger in a Strange Land
16.6%
Little Lord Fauntleroy
16.4%
The English Patient
15.7%
The Mayor of Casterbridge
15.2%
The Good Soldier
11.2%

From the Vault

Replace the 'B' A-Z

by Chenchilla

We do love quizzes, but that's Bee-side the point.
Remove Ads.
Support Sporcle.
Get the best of Sporcle when you Go Orange. This ad-free experience offers more features, more stats, and more fun while also helping to support Sporcle. Thank you for becoming a member.

Show Comments

Extras

Top Quizzes Today


Score Distribution

Your Account Isn't Verified!

In order to create a playlist on Sporcle, you need to verify the email address you used during registration. Go to your Sporcle Settings to finish the process.

Report this User

Report this user for behavior that violates our Community Guidelines.

Details: